Kdo nic nečekal, nebyl zklamán

Svetový summit o udržateľnom rozvoji v Johannesburgu 2002 - reakcie na výsledky. Záverečná deklarácia a plány summitu.

Salvato in:
Dettagli Bibliografici
Natura: Capitolo di libro
Lingua:ceco
Soggetti:
Tags: Aggiungi Tag
Nessun Tag, puoi essere il primo ad aggiungerne!!

MARC

LEADER 00000naa a2200000 4500
001 r046294
005 20231004070748.3
041 0 |a cze 
044 |a CZ 
245 1 0 |a Kdo nic nečekal, nebyl zklamán 
520 |a Svetový summit o udržateľnom rozvoji v Johannesburgu 2002 - reakcie na výsledky. Záverečná deklarácia a plány summitu. 
610 2 0 |a rozvoj trvalo udržateľný 
610 2 0 |a plán perspektívny 
610 2 0 |a summity 
610 2 0 |a spolupráca medzinárodná 
610 2 0 |a ekológia 
610 2 0 |a Juhoafrická republika